Questioning Movie Quotes III? Quiz Stats

 Plays Quiz Updated May 8, 2016

Score 0/20 Timer 04:00
10 Plays Today
% Correct
Aladdin
94.7%
Star Wars: Episode IV - A New Hope
94%
Jaws
92.5%
Grease
90%
The Hunger Games
84.3%
Top Gun
81.7%
Harry Potter and the Sorcerer's Stone
81.1%
Airplane!
79.4%
Lawrence of Arabia
76.5%
Rush Hour
73.6%
% Correct
The Bourne Identity
72.5%
The Breakfast Club
67.2%
Fear and Loathing in Las Vegas
66.9%
Mission: Impossible
62.1%
Halloween
60.3%
Indiana Jones and the Last Crusade
56.9%
Cool Hand Luke
51.9%
RoboCop
47%
Maverick
39.6%
The Deer Hunter
35.8%

You're not logged in!

Compare scores with friends on all Sporcle quizzes.
OR
Log In

Show Comments

Extras

Top Quizzes Today


Score Distribution

Your Account Isn't Verified!

In order to create a playlist on Sporcle, you need to verify the email address you used during registration. Go to your Sporcle Settings to finish the process.

Report this User

Report this user for behavior that violates our Community Guidelines.

Details: